|
|
|
|
| LEADER |
00988nam a22002293u 4500 |
| 001 |
10104029 |
| 003 |
upatras |
| 005 |
20240201091557.0 |
| 008 |
991022s eng |
| 020 |
|
|
|a 0 387 94288 2
|
| 040 |
|
|
|a Βιβλιοθήκη ΕΑΙΤΥ
|c Βιβλιοθήκη ΕΑΙΤΥ
|
| 041 |
0 |
|
|a eng
|
| 245 |
1 |
0 |
|a Fast Algorithms for 3D-Graphics
|
| 260 |
|
|
|a New York
|b Springer-Verlag
|c c1994
|
| 300 |
|
|
|a xi, 306p.
|b fig.
|
| 500 |
|
|
|a βιβλιογραφία:σσ. 289-292 περιέχει ευρετήριο περιέχει μια δισκέττα
|
| 650 |
|
4 |
|a COMPUTER GRAPHICS
|9 24279
|
| 700 |
1 |
|
|a Glaeser, Georg
|4 aut
|9 1365
|
| 852 |
|
|
|a GR-PaULI
|b ΠΑΤΡΑ
|b ΤΜΗΥΠ
|h 006.6 GLA
|t 1
|
| 942 |
|
|
|2 ddc
|
| 952 |
|
|
|0 0
|1 0
|2 ddc
|4 0
|6 006_600000000000000_GLA
|7 0
|8 NFIC
|9 133172
|a LISP
|b LISP
|c ALFe
|d 2016-04-24
|l 0
|o 006.6 GLA
|p 025000283731
|r 2016-04-24 00:00:00
|t 1
|w 2016-04-24
|y BK15
|x Μεταφορά από Τμ. Μηχανικών ΗΥ & Πληροφορικής
|
| 999 |
|
|
|c 87230
|d 87230
|